000 00405nam a2200145Ia 4500
008 220216s9999 xx 000 0 und d
100 _aWang S F
245 0 _aChemical control to prevent sapstain and mould on rubberwood
260 _bBulletin of the Taiwan Forestry Research Institute
_c1987
300 _a295-302
500 _aCAB CD 1990
700 _aHsieh T C
700 _aWang Y S
942 _cBO
999 _c47768
_d47768